banner koha

Analysis of spontaneous vegetation in semi-arid cattle fields of the middle valley of Río Negro (Registro n. 338188)

MARC details
000 -LÍDER
fixed length control field 03648nab a2200265 i 4500
003 - CÓDIGO MARC DA AGÊNCIA CATALOGADORA
Campo de controle BR-BrBNA
005 - DATA E HORA DA ÚLTIMA ATUALIZAÇÃO
Campo de controle 20250915163458.0
008 - CAMPO DE TAMANHO FIXO
fixed length control field 250915b2021 bl.ar|pooa||| 00| 0 eng |
040 ## - FONTE DA CATALOGAÇÃO
Agência catalogadora BR-BrBNA
Idioma da catalogação eng
072 ## - CATEGORIA AGRIS
Código AGRIS F70
100 ## - ENTRADA PRINCIPAL - NOME PESSOAL
Nome pessoal Peralta, Paola Fernanda
100 ## - ENTRADA PRINCIPAL - NOME PESSOAL
Nome pessoal Klich, María Guadalupe
245 ## - TÍTULO PRINCIPAL
Título principal Analysis of spontaneous vegetation in semi-arid cattle fields of the middle valley of Río Negro
500 ## - NOTA GERAL
Nota geral Publicação on-line; 27 ref.; 4 tables; 7 illus.; Summaries (En, Es)
942 ## - ADDED ENTRY ELEMENTS (KOHA)
Koha item type Analítica
520 ## - NOTA DE RESUMO
Nota de conteúdo <br/><br/>Abstract<br/><br/>The advance of the agricultural frontier in the north of Río Negro led to the land on the plateau being used<br/>for dryland livestock production. Livestock practices such as these result in an ecological imbalance that<br/>involves the spontaneous plant species in the scrublands. In this study, the species that grow spontaneously<br/>in this area were identified, as well as their specific richness and distribution. The native species were related<br/>to cattle consumption and the exotic species to toxic potential. The Sörensen similarity index was calculated<br/>to express the degree of similarity between the sites. The study area included 59 families, 197 genera and<br/>300 species of vascular plants. The most representative families being the Asteraceae, Poaceae, Fabaceae,<br/>Solanaceae, Verbenaceae and Chenopodiaceae. The highest percentage of species consumed were native<br/>and 66% of the exotic species are potentially toxic to cattle. The Riparian Zone presented a greater number<br/>of exotic species. The highest similarity was between the Plateau Plain and the Foot of Escarpment. The<br/>information provided is a basis for evaluative studies between dryland cattle production and plant conservation<br/>in the Middle Valley of Río Negro.<br/><br/>Key words: livestock production, monte, plant species.<br/><br/><br/><br/><br/>Resumen<br/><br/>El avance de la frontera agropecuaria en el norte de Río Negro impulsó a que los campos de meseta se destinaran<br/>a la producción ganadera de secano. Dichas prácticas ganaderas generan un desequilibrio ecológico que<br/>involucra a las especies vegetales espontáneas del monte. En este trabajo se identificó las especies que crecen<br/>en forma espontánea en estos campos, su distribución y su riqueza específica; se relacionó las especies nativas<br/>con el consumo por parte del ganado y las especies exóticas con el potencial tóxico y se calculó el índice de<br/>similitud de Sörensen para expresar el grado de semejanza entre los sitios. El área estudiada cuenta con 59<br/>familias, 197 géneros y 300 especies de plantas vasculares. Las familias más representativas son Asteraceae,<br/>Poaceae, Fabaceae, Solanaceae, Verbenaceae y Chenopodiaceae. El mayor porcentaje de especies consumidas<br/>son nativas y el 66% de las especies exóticas son potencialmente tóxicas para el ganado. La Zona Riparia<br/>presenta mayor número de especies exóticas. La similitud más elevada se da entre la Planicie de Meseta y el<br/>Pie de Barda. Los aportes brindados son la base para estudios evaluativos entre la ganadería de secano y la<br/>conservación vegetal en el Valle Medio de Río Negro.<br/><br/>Palabras clave: producción ganadera, monte, especies vegetales.
650 ## - ASSUNTO - THESAGRO
Cabeçalho tópico ou nome geográfico PECUÁRIA
650 ## - ASSUNTO - THESAGRO
Cabeçalho tópico ou nome geográfico ESPÉCIE
650 ## - ASSUNTO - THESAGRO
Cabeçalho tópico ou nome geográfico VEGETAÇÃO
650 ## - ASSUNTO - THESAGRO
Cabeçalho tópico ou nome geográfico RIO NEGRO
650 ## - ASSUNTO - THESAGRO
Cabeçalho tópico ou nome geográfico TAXONOMIA
773 0# - ENTRADA ANALÍTICA
Host Biblionumber 709
Registro do item 357347
Imprenta Rio de Janeiro-RJ Jardim Botanico do Rio de Janeiro 1935
Outro identificador 2025-5311
Título Rodriguésia (Brazil)
ISSN 0370-6583; 2175-7860 on-line
Colação v. 72 p. 1-10; (2021)
Número de controle de registro BR2025002292
856 ## - ACESSO E ENDEREÇO ELETRÔNICO
Identificador uniforme de recurso - URI https://www.scielo.br/j/rod/a/3Wdtzv97YFzKTJZsbqTJKZG/?format=pdf&lang=en

Nenhum exemplar disponível.

BINAGRI

Telefone: (61)3218-2567/2388/3357/2097 - binagri@agro.gov.br

Ministério da Agricultura e Pecuária , Esplanada dos Ministérios, Bloco D, Anexo B, Brasília/DF, CEP: 70.043-900